Descriptive complexity

Αποθηκεύτηκε σε:
Λεπτομέρειες βιβλιογραφικής εγγραφής
Κύριος συγγραφέας: Immerman, Neil 1953-
Μορφή: Βιβλίο
Γλώσσα:English
Δημοσίευση: New York : Springer, c1999
Σειρά:Graduate texts in computer science
Θέματα:
Ετικέτες: Προσθήκη ετικέτας
Δεν υπάρχουν, Καταχωρήστε ετικέτα πρώτοι!

MARC

LEADER 00000nam a2200000 i 4500
001 1/15841
008 010122s1999 eng d
020 |a 0-387-98600-6 
035 |l 10065562 
040 |a GR-MY-UA  |b gre  |e aacr 
041 0 |a eng 
082 0 |a 511.3 
100 1 |a Immerman, Neil  |d 1953- 
245 1 0 |a Descriptive complexity /  |c Neil Immerman 
260 |a New York :   |b Springer,   |c c1999 
300 |a xvi, 268 p.;  |c 24 cm. 
490 1 |a Graduate texts in computer science 
504 |a Includes bibliographical references and index. 
650 0 0 |a Computational complexity. 
650 0 0 |a Logic, Symbolic and mathematical. 
830 0 |a Graduate texts in computer science 
852 |a INST  |b SYROS  |e 20010122  |h 511.3 IMM  |p 005500001723  |q 005500001723  |t BK  |y 0 
901 |a BIBL5-2001-1 
909 |a Ε  |b 084411 
922 |a 5ΕΛΗ  |b 200012  |c ΓΡΑΦΙΚΩΝ ΤΕΧΝΩΝ  |d ΜΙΧΑΛΟΠΟΥΛΟΣ 
950 |a 183-2000-12-08 
970 |a ΚΟΝΤΟΥ  |b ΠΑΡΑΣΚΕΥΗ  |z 2001/02/08